Complete the Titles of Songs by U2 - Statistics

General Stats
  • This quiz has been taken 198 times
    163 since last reset
  • The average score is 13 of 15
Answer Stats
Answer % Correct
I Still Haven't Found What I'm Looking {For}
100%
Where the Streets Have No {Name}
99%
With Or Without {You}
99%
Pride (In the Name of {Love})
98%
Sunday Bloody {Sunday}
98%
Hold Me, Thrill Me, Kiss Me, Kill {Me}
97%
Beautiful {Day}
94%
Stuck in a Moment You Can't Get Out {Of}
88%
Even Better Than the Real {Thing}
87%
Mysterious {Ways}
85%
The Unforgettable {Fire}
78%
Walk {On}
74%
When Love Comes To {Town}
74%
Miss {Sarajevo}
66%
Get On Your {Boots}
57%
No matching quizzes found
Score Distribution
Percent of People with Each Score
Percentile by Number Answered
Your Score History
You have not taken this quiz since the last reset